00402nam a2200157Ia 4500008004100000020001800041041000800059082001800067100001500085245004500100250001300145260002700158300000800185365001600193700003500209230714s9999 xx 000 0 und d a9790000000000 aeng a005.13'3bBAR aBarnett R. aEmbedded C Programming And The Atmel AVR a 2nd ed. c2007bCengage Learning a532 cRs.b525.00 aBarnett R.; O'Cull L. & Cox S.